000 00424nam a2200157Ia 4500
005 20250403101044.0
008 231217s9999 xx 000 0 und d
020 _a9788131403112
082 _a658.812 MAD;1 R
100 _aMadhavi, Garikaparthi ed.
245 0 _aMass customization : concepts and perspectives
260 _c2006
_bIcfai
_aHyderabad
300 _ax, 231
650 _aMass,customization
942 _cAA
999 _c190791
_d190791